Statistics for How many times can you type 1111 in 15 seconds

Click here to take the quiz!

General Stats

  • This quiz has been taken 110 times
  • The average score is 62 of 80

Answer Stats

Amount1111% Correct
11111
100%
61111
100%
81111
100%
71111
100%
21111
100%
51111
100%
41111
100%
31111
100%
91111
98%
101111
98%
121111
98%
131111
98%
141111
98%
151111
98%
161111
98%
171111
98%
181111
98%
111111
98%
191111
95%
201111
95%
231111
91%
211111
91%
221111
91%
241111
89%
251111
82%
261111
82%
271111
82%
281111
80%
341111
77%
331111
77%
321111
77%
311111
77%
301111
77%
291111
77%
481111
75%
471111
75%
461111
75%
451111
75%
441111
75%
431111
75%
411111
75%
421111
75%
391111
75%
381111
75%
371111
75%
361111
75%
351111
75%
401111
75%
491111
73%
501111
70%
561111
68%
591111
68%
581111
68%
571111
68%
531111
68%
551111
68%
541111
68%
521111
68%
511111
68%
671111
66%
711111
66%
701111
66%
691111
66%
681111
66%
611111
66%
661111
66%
651111
66%
641111
66%
631111
66%
621111
66%
601111
66%
721111
61%
731111
59%
741111
57%
751111
57%
761111
57%
771111
55%
781111
55%
791111
52%
801111
48%

Score Distribution

Percentile by Number Answered

Percent of People with Each Score

Your Score History

You have not taken this quiz